000 00914nam a22002297a 4500
999 _c371081
_d371081
008 201127b ||||| |||| 00| 0 eng d
040 _aDE-2950
_bger
_cDE-2950
_erda
041 _ager
100 _aWinkler, Bettina:
245 _aSeuchenschutz bremst Wild aus.
_bVerkehr: Die Grünbrücke über die Autobahn bei Jacobsdorf nahe Frankfurt (Oder) ist als Maßnahme gegen die Ausbreitung der Afrikanischen Schweinepest gesperrt. Was bedeutet das für Tiere und Kraftfahrer?/
_cBettina Winkler
264 _c2021
653 _aFrankfurt (Oder)
653 _a<Jacobsdorf>
653 _aAfrikanische Schweinepest
653 _aGrünbrücke
653 _aAutobahn
773 _dFrankfurt (Oder) Märkisches Verlags- und Druckhaus GmbH & Co KG
_tMärkische Oderzeitung
_g32. Jahrgang (2021) Nr. 257 vom 03.11.2021, S. 15
942 _cA